Estadísticas para Países más lejanos de Estados Unidos

Haz click aquí para intentar la prueba.

Estadísticas generales

  • Esta prueba ha sido intentada 48 veces
    (17 desde el último reinicio)
  • La puntuación promedio es 15 de 19

Estadísticas de respuestas

kmPaísmi% Correcto
11,286Botsuana7013
88%
13,007Madagascar8082
88%
13,018Mauricio8089
88%
10,507Namibia6529
88%
10,658Somalia6623
88%
10,687Tanzania6641
88%
11,574Zimbabue7192
88%
10,546Kenia6553
81%
11,861Mozambique7367
81%
12,164Seychelles7558
81%
10,953Zambia6806
81%
10,698Burundi6648
75%
12,590Lesoto7823
75%
10,636Ruanda6609
75%
12,497Comoras7765
69%
10,353Uganda6433
69%
12,629Suazilandia7848
63%
11,536Malaui7168
56%
10,513Yibuti6532
56%

Distribución de puntuación

Porcentaje por número respondido

Porcentaje de gente con cada puntuación

Historial de tus puntuaciones

No has intentado esta prueba desde el último reinicio